00257 a2200097 450000100060000010000190000624500840002525000060010926000330011550500110014831164 aKelly S Graham aFundamentals of Mechanical Vibration, MATLAB & M files to accompany With CD,2/e a2 aSingaporebMcGraw Hillc2000 aCD/DVD